000 01117cam a22002891 4500
001 32792
003 BD-RjUL
005 20211209051909.0
008 140428t1911 nyuacf 100 0 eng d
035 _a(BD-RjUL)32882
035 _a(OCoLC)3484971
040 _aDLC
_cMiGrC
_dMiGrC
_dOCoLC
_dDLC
_dBD-RjUL
_beng
041 _aeng
082 0 4 _a297.9
_bMII 1911
111 2 _aMissionary Conference on Behalf of the Mohammedan World
_n(2nd :
_d1911 :
_cLucknow)
_999720
245 1 0 _aIslam and missions :
_bbeing papers read at the second Missionary conference on behalf of the Mohammedan world at Lucknow, January 23-28, 1911 /
_ced. by E. M. Wherry, D.D., S. M. Zwemer, D.D., C. G. Mylrea, M.A.
260 _aNew York ;
_aChicago:
_bFleming H. Revell company,
_cc1911.
300 _a298 p. :
_bill. ;
_c22 cm.
650 0 _aIslam.
_999714
650 0 _aMissions.
_999715
700 1 _aWherry, E. M.
_q(Elwood Morris),
_d1843-1927,
_eed.
_999716
700 1 _aZwemer, Samuel Marinus,
_d1867-1952.
_999717
700 1 _aMylrea, C. G.,
_ejoint ed.
_999718
942 _2ddc
_cBK
999 _c32792
_d32792